Budde, G. Allgemeine Bildung und individuelle Bildung in Vergaugenheit und Gegenwart. Langensalza, 1910. Beltz. 240.1. /

Elmentve itt :
Bibliográfiai részletek
Szerzők: Endrei Gerzson
Budde Gerhard
Dokumentumtípus: Cikk
Megjelent: 1912
Sorozat:Magyar pedagógia : a Magyar Tudományos Akadémia Pedagógiai Bizottságának folyóirata 21
Kulcsszavak:Iskolarendszer Magyarország, Iskolai nevelés középiskola, Általános és individuális képzés
Online Access:http://misc.bibl.u-szeged.hu/8965
LEADER 00849nab a2200193 i 4500
001 misc8965
005 20191106143621.0
008 170607s1912 hu o 0|| hun d
022 |a 0025-0260 
040 |a SZTE Miscellanea Repozitórium  |b hun 
041 |a hun 
100 1 |a Endrei Gerzson 
245 1 0 |a Budde, G.  |h [elektronikus dokumentum] :  |b Allgemeine Bildung und individuelle Bildung in Vergaugenheit und Gegenwart. Langensalza, 1910. Beltz. 240.1. /  |c  Endrei Gerzson 
260 |c 1912 
300 |a 235-236 
490 0 |a Magyar pedagógia : a Magyar Tudományos Akadémia Pedagógiai Bizottságának folyóirata  |v 21 
695 |a Iskolarendszer Magyarország, Iskolai nevelés középiskola, Általános és individuális képzés 
700 0 1 |a Budde Gerhard  |e aut 
856 4 0 |u http://misc.bibl.u-szeged.hu/8965/1/mp_1912_1766_235-236.pdf  |z Dokumentum-elérés